00280pab a2200121 454500008004000000100002000040245003600060260000900096300001300105362001100118650001400129773001500143180718b2012 xxu||||| |||| 00| 0 eng d aGatade, Subhash aOnce there was Hindutva terror? c2012 ap.43-56. a18 Aug aTerrorism aMainstream